000 00793nam a2200253Ia 4500
005 20250529112120.0
008 210716s2008 xx 000 0 und d
020 _a9788174465795
040 _cAIMIT LIBRARY
041 _aeng
082 _a001.42
_22
_bMURS
100 _aMurthy, S N.
_914019
245 _aBusiness research methods /
_cby S N Murthy and U Bhojanna.
250 _a1st. ed .
260 _aNew Delhi:
_bExcel Books,
_c2008.
300 _ax,397p. ;
_bPB
_c24 cm.
650 _aBusiness Research Methods.
_914020
650 _aScientific Method in Research.
_914084
650 _aResearch Process.
_914085
650 _aResearch Design.
_914086
650 _aOrganization Market Research.
_914087
700 _aBhojanna, U.
_914088
942 _2ddc
_cBK
_e2nd
_k001.42 MURS
999 _c187057
_d187057